000 00361nam a2200121Ia 4500
008 241028s9999 xx 000 0 und d
041 _aeng
082 _a303.482 DAM
100 _aDamluji Hassan
245 _aTheresponsibleglobalist: what citizens of the world can learn from nationalism
260 _bAllen Lane
_aUnited Kingdom
_c2019
300 _a208;.P. 22 cm
999 _c43112
_d43112